[Event "Getxo op 2nd"]
[Site "Getxo"]
[Date "2017.09.09"]
[Round "1"]
[White "Naveran Urrutia, Luis"]
[Black "Krause, Benedict"]
[Result "0-1"]
[WhiteElo "1771"]
[BlackElo "2438"]
[PlyCount "78"]
[EventDate "2017.09.09"]
[EventType "swiss"]
[EventRounds "9"]
[EventCountry "ESP"]
[SourceTitle "CBM 180 Extra"]
[Source "ChessBase"]
[SourceDate "2017.10.06"]
[SourceVersion "1"]
[SourceVersionDate "2017.10.06"]
[SourceQuality "1"]

1. e4 c6 2. d4 d5 3. Nc3 dxe4 4. Nxe4 Bf5 5. Ng3 Bg6 6. h4 h6 7. Nf3 Nd7 8. h5 Bh7 9. Bc4 e6 10. Qe2 Ngf6 11. Ne5 Nxe5 12. dxe5 Nd5 13. c3 b5 14. Bb3 Nb6 15. Ne4 a5 16. Bf4 Nd5 17. Rd1 Qb6 18. Bxd5 cxd5 19. Be3 Qc6 20. Ng3 Qc4 21. 0-0 Be7 22. b3 Qxe2 23. Nxe2 b4 24. Rc1 0-0 25. Rfd1 Rfc8 26. Bd4 bxc3 27. Rxc3 Ba3 28. Rxc8+ Rxc8 29. Rd2 Bb4 30. Rb2 Kf8 31. f3 Ke8 32. Kf2 Bc2 33. Bc3 Bxc3 34. Rxc2 Be1+ 35. Kxe1 Rxc2 36. a3 Rb2 37. Nd4 Rxg2 38. Nc6 a4 39. bxa4 Ra2 0-1